Kathe chitrakathe sambhashane (Record no. 120449)
[ view plain ]
| 000 -LEADER | |
|---|---|
| fixed length control field | 00569nam a2200217Ia 4500 |
| 003 - CONTROL NUMBER IDENTIFIER | |
| control field | OSt |
| 005 - DATE AND TIME OF LATEST TRANSACTION | |
| control field | 20250725162909.0 |
| 008 - FIXED-LENGTH DATA ELEMENTS--GENERAL INFORMATION | |
| fixed length control field | 210210b2016 xxu||||| |||| 00| 0 eng d |
| 020 ## - INTERNATIONAL STANDARD BOOK NUMBER | |
| International Standard Book Number | 9789382348443 |
| 040 ## - CATALOGING SOURCE | |
| Transcribing agency | AL |
| 041 ## - LANGUAGE CODE | |
| Language code of text/sound track or separate title | Kannada |
| 082 ## - DEWEY DECIMAL CLASSIFICATION NUMBER | |
| Classification number | 791.4K JOGK |
| 100 ## - MAIN ENTRY--PERSONAL NAME | |
| Personal name | JOGI |
| 9 (RLIN) | 95192 |
| 110 ## - MAIN ENTRY--CORPORATE NAME | |
| Corporate name or jurisdiction name as entry element | : ಜೋಗಿ |
| 9 (RLIN) | 220249 |
| 245 ## - TITLE STATEMENT | |
| Title | Kathe chitrakathe sambhashane |
| Remainder of title | : ಕಥೆ ಚಿತ್ರಕಥೆ ಸಂಭಾಷಣೆ |
| 260 ## - PUBLICATION, DISTRIBUTION, ETC. | |
| Place of publication, distribution, etc. | Bengaluru |
| Name of publisher, distributor, etc. | Sawanna |
| Date of publication, distribution, etc. | 2016 |
| 300 ## - PHYSICAL DESCRIPTION | |
| Extent | 352p. |
| 690 ## - LOCAL SUBJECT ADDED ENTRY--TOPICAL TERM (OCLC, RLIN) | |
| Topical term or geographic name as entry element | Cinema |
| 9 (RLIN) | 95193 |
| 906 ## - LOCAL DATA ELEMENT F, LDF (RLIN) | |
| a | 071061 |
| 942 ## - ADDED ENTRY ELEMENTS (KOHA) | |
| Source of classification or shelving scheme | Dewey Decimal Classification |
| Koha item type | Book |
| Withdrawn status | Lost status | Source of classification or shelving scheme | Damaged status | Not for loan | Collection code | Home library | Current library | Shelving location | Date acquired | Source of acquisition | Cost, normal purchase price | Total Checkouts | Full call number | Barcode | Date last seen | Price effective from | Koha item type | Date due | Date last checked out |
|---|---|---|---|---|---|---|---|---|---|---|---|---|---|---|---|---|---|---|---|
| Dewey Decimal Classification | Reference Book | Journalism | St Aloysius Library | St Aloysius Library | Reference Section | 02/17/2021 | Navakarnataka Publication Pvt Ltd Mangalore | 300.00 | 791.4K JOGK | 071062 | 02/17/2021 | 02/17/2021 | Reference | ||||||
| Dewey Decimal Classification | Journalism | St Aloysius Library | St Aloysius Library | 02/17/2021 | Navakarnataka Publication Pvt Ltd Mangalore | 300.00 | 1 | 791.4K JOGK | 071061 | 01/07/2026 | 02/17/2021 | Book | 03/31/2026 | 01/07/2026 |